00298nam a22001337a 4500003000400000008004100004020001800045082001600063100002000079245002100099250001100120260002500131300000800156OSt250417b |||||||| |||| 00| 0 eng d a9789365894806 a005.133 KOG aKOMMADI,Bhagvan aGo Lang in Depth a1st Ed aNew DelhibBPBc2025 a416